000 00585nam a22001817a 4500
008 131007b xxu||||| |||| 00| 0 alb d
041 1 _aalb
080 _a004.3
_x(075.8)
100 1 _aRuseti, Bashkim
245 1 0 _aInformatika :
_cBashkim Ruseti
260 _aTiranë :
_bGrand Prind,
_c2010
300 _a160 f. :
_bme il. ;
_c29 cm
500 _aParathënie : f. I
650 0 _aKompjuterët
_vTekste universitare
650 0 _aSistemet e ruajtjes dhe të kërkimit të informacionit
_vTekste universitare
700 1 _aSevrani, Kozeta
942 _2udc
_cBK
999 _c39
_d39